Statistics for Guess the Taylor Swift song by Lyric (Reputation)

Click here to take the quiz!

General Stats

  • This quiz has been taken 71 times
  • The average score is 13 of 15

Answer Stats

HintAnswer% Correct
If you've got a girlfriend, I'm jealous of her, But if you're single that's honestly worseGorgeous
98%
But with three of us, honey, it's a sideshow, And a circus ain't a love story, and now we're both sorryGetaway Car
96%
The world moves on, another day another drama, drama, But not for me, not for me, all I think about is karmaLook What you Made me do
96%
But if I'm a thief, then he can join the heist, And we'll move to an islandReady for it
91%
Phone lights up my nightstand in the black, Come here, you can meet me in the backDelicate
89%
Flashback when you met me, Your buzzcut and my hair bleachedDress
89%
But if he drops my name, then I owe him nothin', And if he spends my change, then he had it comin'I did Something Bad
87%
Salute to me, I'm your American Queen, And you move to me like I'm a Motown beatKing of my Heart
85%
But I'm not the only friend you've lost lately, If only you weren't so shadyThis it why we Can't have nice Things
84%
Something happened for the first time, in, The darkest little paradise, Shakin, pacin', I just need youDon't Blame Me
82%
It's like your eyes are liquor, it's like your body is gold, You've been calling my bluff on all my usual tricks, So here's the truth from my red lipsEnd Game
82%
Gold cage, hostage to my feelings, Back against the wall, Trippin', trip-trippin' when you're goneSo it goes
82%
I'm laughin' with my lover, makin' forts under covers, Trust him like a brotherCall it What you Want
80%
I'd kiss you as the lights went out, Swaying as the room burned down, I'd hold you as the water rushes inDancing with our Hands Tied
80%
You squeeze my hand three times in the back of the taxi, I can tell that it's gonna be a long roadNew years day
80%

Score Distribution

Percentile by Number Answered

Percent of People with Each Score

Your Score History

You have not taken this quiz